| 000 | 00947nam a22002537a 4500 | ||
|---|---|---|---|
| 005 | 20110810113757.0 | ||
| 008 | 110810t xxu||||| |||| 00| 0 eng d | ||
| 010 | _aENG-103458 | ||
| 020 |
_a9788179662366 _c150.00 |
||
| 035 | _aEN-86991 | ||
| 037 | _bDBAD/PUB | ||
| 040 |
_aDPL _bEng |
||
| 082 | _a378.12068 | ||
| 100 |
_931629 _aAnuradha Ajit |
||
| 245 |
_aSoft skills for aspiring leaders / _cby Anuradha Ajit ; illustrated by Laxmi Pillai |
||
| 260 |
_aChennai _bEmerald Publishers _c2009 |
||
| 270 |
_a15A, First Floor, Casa major road, Egmore _bChennai _k91-44- 28193206 _e600018 _minfo@emeraldpublishers.com |
||
| 300 |
_a245p. : _c22cm (pbk) _bill |
||
| 650 | _931639 | ||
| 700 |
_931640 _aPillai, Laxmi |
||
| 700 | _932879 | ||
| 942 |
_2ddc _cEN _mANU _h378.12068 |
||
| 999 |
_c55464 _d55464 |
||